[Event "17. European Team Championship 2009"]
[Site "Novi Sad SRB"]
[Date "2009.10.22"]
[Round "1.154"]
[White "Polaczek, Richard"]
[Black "Nevednichy, Vladislav"]
[Result "0-1"]
[WhiteElo "2381"]
[BlackElo "2601"]
[PlyCount "84"]
[EventDate "2009.10.22"]
[EventType "team"]
[EventRounds "9"]
[EventCountry "SER"]
[Source "lmi"]
[SourceDate "2009.10.22"]

1. d4 Nf6 2. Bg5 c6 3. Nd2 Qb6 4. Ngf3 d5 5. Qc1 Ne4 6. Bf4 Nxd2 7. Bxd2 Bf5 8.
e3 Nd7 9. c4 e6 10. c5 Qc7 11. b4 Be7 12. Bc3 O-O 13. Be2 Be4 14. O-O Bxf3 15.
Bxf3 e5 16. dxe5 Nxe5 17. Bxe5 Qxe5 18. Rb1 a6 19. Rd1 h5 20. Qb2 Qg5 21. e4
dxe4 22. Bxe4 Rad8 23. Qe2 g6 24. g3 h4 25. Kg2 Kg7 26. Rxd8 Rxd8 27. Rd1 Rxd1
28. Qxd1 Qe5 29. Qe2 Bf6 30. Qc4 Qh5 31. f3 h3+ 32. Kf2 Qe5 33. Bc2 Qc3 34.
Qxc3 Bxc3 35. a3 Bb2 36. a4 Ba3 37. Ke3 Bxb4 38. Kd4 Be1 39. Bd3 Bxg3 40. Bf1
Bxh2 41. Bxh3 f5 42. Bf1 Kf6 0-1

[Event "17. European Team Championship 2009"]
[Site "Novi Sad SRB"]
[Date "2009.10.22"]
[Round "1.162"]
[White "Stellwagen, Daniel"]
[Black "Rees, Ioan"]
[Result "1-0"]
[WhiteElo "2630"]
[BlackElo "2336"]
[PlyCount "41"]
[EventDate "2009.10.22"]
[EventType "team"]
[EventRounds "9"]
[EventCountry "SER"]
[Source "lmi"]
[SourceDate "2009.10.22"]

1. e4 e6 2. d4 d5 3. Nc3 dxe4 4. Nxe4 Nd7 5. Nf3 Ngf6 6. Bd3 Nxe4 7. Bxe4 Nf6
8. Bg5 Qd6 9. Bd3 Qb4+ 10. Bd2 Qxb2 11. O-O Qa3 12. Re1 Be7 13. Ne5 Qd6 14. Bf4
Qd8 15. Qf3 O-O 16. Qh3 g6 17. Rad1 Re8 18. Bh6 Nh5 19. g4 Nf6 20. g5 Nd7 21.
Nxf7 1-0

[Event "17. European Team Championship 2009"]
[Site "Novi Sad SRB"]
[Date "2009.10.22"]
[Round "1.164"]
[White "Werle, Jan"]
[Black "Kett, Tim"]
[Result "1-0"]
[WhiteElo "2563"]
[BlackElo "2238"]
[PlyCount "61"]
[EventDate "2009.10.22"]
[EventType "team"]
[EventRounds "9"]
[EventCountry "SER"]
[Source "lmi"]
[SourceDate "2009.10.22"]

1. d4 Nf6 2. c4 e6 3. Nc3 d5 4. Bg5 Be7 5. e3 h6 6. Bh4 O-O 7. Nf3 b6 8. Bd3
Bb7 9. O-O Nbd7 10. Qe2 Ne4 11. Bg3 Nxg3 12. hxg3 Nf6 13. Rac1 c5 14. cxd5 Nxd5
15. Ba6 Nxc3 16. bxc3 Bxa6 17. Qxa6 Qc7 18. Rfd1 Rac8 19. d5 exd5 20. Rxd5 Rfd8
21. c4 Rxd5 22. cxd5 Bf6 23. e4 Re8 24. Qa4 Rd8 25. Qc4 Bb2 26. Rd1 Qd6 27. Qe2
Be5 28. a4 Rc8 29. Qa6 Rc7 30. Nxe5 Qxe5 31. d6 1-0

[Event "17. European Team Championship 2009"]
[Site "Novi Sad SRB"]
[Date "2009.10.22"]
[Round "1.172"]
[White "Jeitz, Christian"]
[Black "Pavasovic, Dusko"]
[Result "0-1"]
[WhiteElo "2253"]
[BlackElo "2602"]
[PlyCount "88"]
[EventDate "2009.10.22"]
[EventType "team"]
[EventRounds "9"]
[EventCountry "SER"]
[Source "lmi"]
[SourceDate "2009.10.22"]

1. e4 e5 2. Nf3 Nc6 3. Bb5 a6 4. Ba4 Nf6 5. O-O Be7 6. Bxc6 dxc6 7. d3 Nd7 8.
Nbd2 O-O 9. Nc4 f6 10. d4 exd4 11. Nxd4 Nc5 12. f3 Qe8 13. Ne3 Rf7 14. b3 Ne6
15. Ndf5 Bc5 16. Qe1 Nd4 17. Nxd4 Bxd4 18. c3 Bc5 19. Kh1 Be6 20. Nc2 a5 21.
Be3 Bd6 22. Nd4 Bd7 23. Qd2 c5 24. Nc2 f5 25. exf5 Rxf5 26. Rae1 Qf7 27. Na3
Rh5 28. f4 b5 29. c4 b4 30. Nb5 Bxb5 31. cxb5 Rb8 32. Qd3 Rf5 33. Qc4 Qxc4 34.
bxc4 a4 35. Bc1 Rf7 36. Re4 Re7 37. Rxe7 Bxe7 38. Bb2 Bd6 39. g3 Re8 40. Rd1
Re2 41. Be5 Bxe5 42. fxe5 b3 43. axb3 axb3 44. e6 Kf8 0-1

[Event "17. European Team Championship 2009"]
[Site "Novi Sad SRB"]
[Date "2009.10.22"]
[Round "1.174"]
[White "Mossong, Hubert"]
[Black "Sebenik, Matej"]
[Result "0-1"]
[WhiteElo "2179"]
[BlackElo "2489"]
[PlyCount "98"]
[EventDate "2009.10.22"]
[EventType "team"]
[EventRounds "9"]
[EventCountry "SER"]
[Source "lmi"]
[SourceDate "2009.10.22"]

1. e4 e6 2. d3 d5 3. Nd2 Nf6 4. Ngf3 b6 5. g3 dxe4 6. dxe4 Bc5 7. Bg2 Ba6 8. c4
Qd3 9. Qe2 Qxe2+ 10. Kxe2 Nc6 11. b3 Nd4+ 12. Nxd4 Bxd4 13. e5 O-O-O 14. Rb1
Bxe5 15. Nf3 Bc3 16. Bb2 Bxb2 17. Rxb2 Bb7 18. Rc1 Nd7 19. b4 c5 20. a3 Kc7 21.
Ne1 Bxg2 22. Nxg2 Ne5 23. Rc3 Nc6 24. Ne3 Nd4+ 25. Kf1 Kc6 26. Rc1 h5 27. h3 g5
28. Kg2 f5 29. Nd1 g4 30. h4 Nf3 31. Re2 Rd6 32. Nc3 Nd4 33. Re5 Nf3 34. Re2
cxb4 35. axb4 e5 36. Nd5 Rhd8 37. Ra2 R6d7 38. Rca1 Ra8 39. Ra6 Rb7 40. Nc3 Nd4
41. Nd5 Ne6 42. Re1 e4 43. Rd1 Rd8 44. Rda1 Rdd7 45. Rc1 Nc7 46. b5+ Kc5 47.
Ne3 Nxa6 48. bxa6 Rb8 49. Nxf5 Rf8 0-1

[Event "17. European Team Championship 2009"]
[Site "Novi Sad SRB"]
[Date "2009.10.22"]
[Round "1.182"]
[White "Van Hoolandt, Patrick"]
[Black "Conquest, Stuart C"]
[Result "0-1"]
[WhiteElo "2229"]
[BlackElo "2563"]
[PlyCount "75"]
[EventDate "2009.10.22"]
[EventType "team"]
[EventRounds "9"]
[EventCountry "SER"]
[Source "lmi"]
[SourceDate "2009.10.22"]

1. d4 Nf6 2. c4 g6 3. Nc3 d5 4. cxd5 Nxd5 5. Bd2 Bg7 6. e4 Nb6 7. Be3 O-O 8.
Bb5 Bd7 9. Be2 f5 10. exf5 Bxf5 11. Qb3+ Kh8 12. g4 Bd7 13. h4 Bc6 14. Rh3 Bg2
15. Rg3 Bd5 16. Nxd5 Qxd5 17. Bf3 Qxb3 18. axb3 Nc6 19. Bxc6 bxc6 20. Rc1 Nd5
21. Nf3 Rab8 22. Nd2 Rb6 23. Rc4 a5 24. Ra4 Rb5 25. h5 gxh5 26. gxh5 Nxe3 27.
Rxe3 Rf7 28. Nf3 Rxh5 29. Ke2 Rhf5 30. Rc4 R7f6 31. Rcc3 Kg8 32. Re5 e6 33.
Rce3 Bf8 34. Rxf5 exf5 35. Re8 Kg7 36. Ne5 h5 37. Kf3 f4 38. Kg2 0-1

[Event "17. European Team Championship 2009"]
[Site "Novi Sad SRB"]
[Date "2009.10.22"]
[Round "1.184"]
[White "Iclicki, Willy"]
[Black "Gordon, Stephen J"]
[Result "0-1"]
[WhiteElo "2052"]
[BlackElo "2535"]
[PlyCount "98"]
[EventDate "2009.10.22"]
[EventType "team"]
[EventRounds "9"]
[EventCountry "SER"]
[Source "lmi"]
[SourceDate "2009.10.22"]

1. d4 Nf6 2. Nf3 e6 3. e3 b6 4. Bd3 Bb7 5. Nbd2 c5 6. O-O Nc6 7. c4 Be7 8. b3
cxd4 9. exd4 O-O 10. Bb2 d5 11. Qe2 Nb4 12. Bb1 Rc8 13. a3 Nc6 14. Bd3 Qd6 15.
Rac1 dxc4 16. bxc4 Qf4 17. Qe3 Qxe3 18. fxe3 Ba6 19. Nb3 Rfd8 20. Rfd1 Bd6 21.
h3 Nd7 22. Ng5 h6 23. Ne4 Be7 24. Nc3 Bg5 25. Kf2 f5 26. Nb5 Bxb5 27. cxb5 Ne7
28. Bc4 Nd5 29. Bxd5 exd5 30. Rxc8 Rxc8 31. Rc1 Re8 32. Re1 Nf6 33. g3 Ne4+ 34.
Kf3 Be7 35. Nc1 Rc8 36. Nd3 Bd6 37. Rc1 Rxc1 38. Bxc1 Nxg3 39. Bd2 Ne4 40. Bb4
Kf7 41. Bxd6 Nxd6 42. a4 Nc4 43. Nb4 Nb2 44. Nc6 Nxa4 45. Nxa7 g5 46. Nc6 Nc3
47. Na7 Ke6 48. h4 gxh4 49. Kf4 Kd7 0-1

[Event "17. European Team Championship 2009"]
[Site "Novi Sad SRB"]
[Date "2009.10.22"]
[Round "1.192"]
[White "Banikas, Hristos"]
[Black "Sedlak, Nikola"]
[Result "1-0"]
[WhiteElo "2599"]
[BlackElo "2571"]
[PlyCount "67"]
[EventDate "2009.10.22"]
[EventType "team"]
[EventRounds "9"]
[EventCountry "SER"]
[Source "lmi"]
[SourceDate "2009.10.22"]

1. Nf3 d5 2. d4 Nf6 3. c4 c6 4. e3 Bg4 5. Qb3 Qb6 6. Nc3 e6 7. Nh4 Bh5 8. h3
Be7 9. g4 Bg6 10. Nxg6 hxg6 11. Bg2 g5 12. Bd2 Na6 13. O-O Nc7 14. Qc2 dxc4 15.
Na4 Qa6 16. b3 c3 17. Qxc3 Nfd5 18. Qc1 Bd6 19. Rd1 b5 20. Nc5 Qb6 21. Qc2 Rd8
22. Ne4 Be7 23. Rac1 O-O 24. Qxc6 Qb8 25. Ba5 Rc8 26. Nd6 Bxd6 27. Qxd6 b4 28.
Rc5 Rfd8 29. Qh2 Rd7 30. Bxc7 Rdxc7 31. Bxd5 exd5 32. Qd6 Qb7 33. Rdc1 Rxc5 34.
Rxc5 1-0

[Event "17. European Team Championship 2009"]
[Site "Novi Sad SRB"]
[Date "2009.10.22"]
[Round "1.194"]
[White "Mastrovasilis, Athanasios"]
[Black "Roganovic, Milos"]
[Result "1-0"]
[WhiteElo "2519"]
[BlackElo "2474"]
[PlyCount "71"]
[EventDate "2009.10.22"]
[EventType "team"]
[EventRounds "9"]
[EventCountry "SER"]
[Source "lmi"]
[SourceDate "2009.10.22"]

1. d4 Nf6 2. c4 g6 3. Nc3 d5 4. Bf4 Bg7 5. e3 O-O 6. Rc1 c6 7. Nf3 Be6 8. c5 b6
9. b4 a5 10. b5 bxc5 11. dxc5 cxb5 12. Bxb5 Na6 13. Bc6 Rc8 14. Bb7 Rxc5 15.
Bxa6 Qb6 16. Bd3 Ne4 17. Bxe4 dxe4 18. Nxe4 Qb4+ 19. Ned2 Rxc1 20. Qxc1 Rc8 21.
Qd1 Bc4 22. Be5 Ba6 23. Bxg7 Kxg7 24. Qa1+ f6 25. a3 Qc5 26. Nb3 Qc4 27. Qd1
Qc3+ 28. Nfd2 e5 29. a4 Qd3 30. h4 Rc2 31. e4 Ra2 32. Rh3 Qd6 33. Rc3 Qb4 34.
Qc1 Qxa4 35. Rc7+ Kg8 36. Qc5 1-0

[Event "17. European Team Championship 2009"]
[Site "Novi Sad SRB"]
[Date "2009.10.23"]
[Round "2.21"]
[White "Aronian, Levon"]
[Black "Istratescu, Andrei"]
[Result "1-0"]
[WhiteElo "2773"]
[BlackElo "2624"]
[PlyCount "79"]
[EventDate "2009.10.22"]
[EventType "team"]
[EventRounds "9"]
[EventCountry "SER"]
[Source "lmi"]
[SourceDate "2009.10.22"]

1. c4 e5 2. Nc3 Nf6 3. Nf3 Nc6 4. g3 Nd4 5. Bg2 Nxf3+ 6. Bxf3 Bb4 7. Qb3 Bc5 8.
d3 h6 9. O-O O-O 10. Bd2 Re8 11. Rac1 Rb8 12. Qa4 d6 13. b4 Bd4 14. e3 Bxc3 15.
Bxc3 Bh3 16. Bg2 Bxg2 17. Kxg2 Qd7 18. Qxd7 Nxd7 19. e4 c6 20. Rfd1 Rbd8 21. d4
Nb6 22. c5 exd4 23. cxb6 dxc3 24. bxa7 Ra8 25. Rxc3 Rxa7 26. Rxd6 Rxe4 27. Rd8+
Kh7 28. Rd7 Rxb4 29. Rf3 Rxa2 30. Rfxf7 Rg4 31. Rxb7 Rg6 32. Kh3 h5 33. f4 Rf2
34. Rbc7 Rd2 35. f5 Rg4 36. Rxc6 Rf2 37. Rg6 Kh8 38. Rfxg7 Rxg6 39. Rxg6 Rxf5
40. Kh4 1-0

[Event "17. European Team Championship 2009"]
[Site "Novi Sad SRB"]
[Date "2009.10.23"]
[Round "2.24"]
[White "Szabo, Gergely-Andras-Gyul"]
[Black "Pashikian, Arman"]
[Result "1/2-1/2"]
[WhiteElo "2526"]
[BlackElo "2663"]
[PlyCount "82"]
[EventDate "2009.10.22"]
[EventType "team"]
[EventRounds "9"]
[EventCountry "SER"]
[Source "lmi"]
[SourceDate "2009.10.22"]

1. e4 e5 2. Nf3 Nc6 3. d4 exd4 4. Nxd4 Bc5 5. Be3 Qf6 6. c3 Nge7 7. Bc4 O-O 8.
O-O b6 9. Re1 Bb7 10. Bf1 d5 11. Nxc6 Qxc6 12. Bxc5 Qxc5 13. Nd2 dxe4 14. Nxe4
Qc6 15. Qf3 Ng6 16. Qf5 Rad8 17. Bb5 Qd5 18. Qxd5 Rxd5 19. Bc4 Rd7 20. Bb5 Rd5
21. Bc4 Re5 22. Ng3 Rfe8 23. Red1 Nf4 24. f3 Bc6 25. Rd4 g5 26. Kf2 b5 27. Bf1
a6 28. Rad1 h5 29. Rd8 Kf8 30. Rxe8+ Kxe8 31. Ne2 Nxe2 32. Bxe2 Bd5 33. a4 Bb3
34. Re1 Kd8 35. axb5 axb5 36. Ra1 Ke7 37. Ra6 Be6 38. Ra8 Rd5 39. Ke1 Re5 40.
Kf2 Rd5 41. Ke1 Re5 1/2-1/2

[Event "17. European Team Championship 2009"]
[Site "Novi Sad SRB"]
[Date "2009.10.23"]
[Round "2.33"]
[White "Lenic, Luka"]
[Black "Mikhalevski, Victor"]
[Result "1/2-1/2"]
[WhiteElo "2575"]
[BlackElo "2625"]
[PlyCount "83"]
[EventDate "2009.10.22"]
[EventType "team"]
[EventRounds "9"]
[EventCountry "SER"]
[Source "lmi"]
[SourceDate "2009.10.22"]

1. d4 Nf6 2. c4 g6 3. Nf3 Bg7 4. e3 O-O 5. Be2 d5 6. Nc3 c5 7. O-O cxd4 8. exd4
Nc6 9. Ne5 dxc4 10. Nxc6 bxc6 11. Bxc4 Bg4 12. Qa4 Bd7 13. Rd1 c5 14. Bb5 cxd4
15. Rxd4 Bxb5 16. Rxd8 Bxa4 17. Rxa8 Rxa8 18. Nxa4 Nd5 19. Bg5 h6 20. Be3 Nxe3
21. fxe3 Rd8 22. Rc1 Rd2 23. Rc8+ Kh7 24. Rc7 Bf6 25. Rxa7 Bh4 26. g3 Bg5 27.
Kh1 Kg7 28. b4 Rxa2 29. h4 Bf6 30. b5 Be5 31. Rxe7 Bxg3 32. Re4 f5 33. Rb4 Bd6
34. Rd4 Be5 35. Rb4 Bd6 36. Rd4 Be5 37. Rb4 Kf6 38. b6 Ra3 39. Nc5 Ke7 40. b7
Rxe3 41. Na6 Re4 42. Rxe4 1/2-1/2

[Event "17. European Team Championship 2009"]
[Site "Novi Sad SRB"]
[Date "2009.10.23"]
[Round "2.41"]
[White "Navara, David"]
[Black "Shirov, Alexei"]
[Result "1/2-1/2"]
[WhiteElo "2692"]
[BlackElo "2730"]
[PlyCount "88"]
[EventDate "2009.10.22"]
[EventType "team"]
[EventRounds "9"]
[EventCountry "SER"]
[Source "lmi"]
[SourceDate "2009.10.22"]

1. d4 d5 2. c4 c6 3. Nf3 Nf6 4. Nc3 e6 5. Qd3 Nbd7 6. e4 dxe4 7. Nxe4 Nxe4 8.
Qxe4 Bb4+ 9. Bd2 Bxd2+ 10. Nxd2 O-O 11. O-O-O Qa5 12. Bd3 Nf6 13. Qh4 Qh5 14.
Qxh5 Nxh5 15. g3 Rd8 16. Nf3 Nf6 17. Ne5 Bd7 18. Rhe1 Be8 19. Bf1 b5 20. c5 Nd5
21. Bh3 Kf8 22. a3 b4 23. Nc4 Rab8 24. Kc2 bxa3 25. bxa3 Nc7 26. Nd6 Nb5 27.
Nxb5 Rxb5 28. f4 Rdb8 29. Rb1 Rxb1 30. Rxb1 Rxb1 31. Kxb1 Ke7 32. Kc2 f6 33.
Kc3 Bg6 34. Bg2 Kd7 35. g4 h6 36. h4 Bb1 37. g5 Ba2 38. Kb4 Bd5 39. gxh6 gxh6
40. Bxd5 exd5 41. Ka5 Kc7 42. Ka6 Kb8 43. a4 f5 44. a5 h5 1/2-1/2

[Event "17. European Team Championship 2009"]
[Site "Novi Sad SRB"]
[Date "2009.10.23"]
[Round "2.52"]
[White "Mchedlishvili, Mikheil"]
[Black "Edouard, Romain"]
[Result "1-0"]
[WhiteElo "2613"]
[BlackElo "2620"]
[PlyCount "81"]
[EventDate "2009.10.22"]
[EventType "team"]
[EventRounds "9"]
[EventCountry "SER"]
[Source "lmi"]
[SourceDate "2009.10.22"]

1. Nf3 c5 2. c4 Nc6 3. Nc3 e5 4. g3 g6 5. Bg2 Bg7 6. O-O Nge7 7. d3 O-O 8. a3
d6 9. Rb1 a5 10. Bd2 Rb8 11. Qa4 b6 12. Nb5 d5 13. Rfd1 Bd7 14. Qb3 Nd4 15.
Nfxd4 dxc4 16. dxc4 exd4 17. Bf4 Rc8 18. Na7 a4 19. Qf3 Bc6 20. Nxc6 Nxc6 21.
b3 axb3 22. Qxb3 Na5 23. Qd3 Nc6 24. Rb5 Be5 25. Bh6 Bg7 26. Bf4 Na7 27. Rb3
Nc6 28. Rdb1 g5 29. Bd2 h6 30. Rxb6 Nb4 31. R6xb4 cxb4 32. axb4 Re8 33. b5 Bf8
34. b6 Rb8 35. b7 Qe7 36. Kf1 Qf6 37. Bd5 h5 38. Rb5 Kg7 39. Kg2 Re5 40. f4 Rf5
41. Rb6 1-0

[Event "17. European Team Championship 2009"]
[Site "Novi Sad SRB"]
[Date "2009.10.23"]
[Round "2.53"]
[White "Cornette, Matthieu"]
[Black "Pantsulaia, Levan"]
[Result "0-1"]
[WhiteElo "2577"]
[BlackElo "2600"]
[PlyCount "118"]
[EventDate "2009.10.22"]
[EventType "team"]
[EventRounds "9"]
[EventCountry "SER"]
[Source "lmi"]
[SourceDate "2009.10.22"]

1. e4 c6 2. d4 d5 3. Nc3 dxe4 4. Nxe4 Bf5 5. Ng3 Bg6 6. h4 h6 7. Nf3 Nd7 8. h5
Bh7 9. Bd3 Bxd3 10. Qxd3 e6 11. Bd2 Ngf6 12. O-O-O Bd6 13. Ne4 Nxe4 14. Qxe4
Qe7 15. Kb1 O-O-O 16. c4 Rhe8 17. Qc2 Nf6 18. Ba5 Bc7 19. Bc3 Ng4 20. Rhe1 Nf6
21. Qa4 Kb8 22. Bb4 Bd6 23. Ba5 Bc7 24. Bb4 Bd6 25. Bxd6+ Rxd6 26. Ne5 Rc8 27.
c5 Rd5 28. Re3 Nd7 29. Nc4 Qh4 30. Ra3 a6 31. Ne3 Rxh5 32. g4 Rg5 33. f3 Qg3
34. Nc4 Rd5 35. Na5 Rc7 36. Rc1 Qf4 37. Rc4 h5 38. Rb4 Qd2 39. Rc3 Qe1+ 40. Rc1
Qe3 41. Nxc6+ Ka8 42. Ne7 Qd3+ 43. Ka1 Nxc5 44. Qe8+ Ka7 45. Nc8+ Rxc8 46. Qxc8
Qd2 47. Rbc4 Nd3 48. Rb1 h4 49. Qf8 h3 50. Rc8 Qf4 51. Qh8 Qxd4 52. Ra8+ Kb6
53. Qb8 Nb4 54. a3 Nc6 55. Qg3 Ra5 56. f4 Nb4 57. Qxh3 Nc2+ 58. Ka2 Qc4+ 59. b3
Nb4+ 0-1

[Event "17. European Team Championship 2009"]
[Site "Novi Sad SRB"]
[Date "2009.10.23"]
[Round "2.54"]
[White "Sanikidze, Tornike"]
[Black "Feller, Sebastien"]
[Result "0-1"]
[WhiteElo "2600"]
[BlackElo "2570"]
[PlyCount "68"]
[EventDate "2009.10.22"]
[EventType "team"]
[EventRounds "9"]
[EventCountry "SER"]
[Source "lmi"]
[SourceDate "2009.10.22"]

1. d4 d5 2. c4 c6 3. Nf3 Nf6 4. Nc3 dxc4 5. e3 b5 6. a4 b4 7. Nb1 e6 8. Bxc4
Nbd7 9. O-O Be7 10. Re1 c5 11. e4 O-O 12. Bg5 h6 13. Bh4 Bb7 14. e5 Nd5 15. Bg3
cxd4 16. Nxd4 Nc5 17. Nb5 Nb6 18. Be2 Qxd1 19. Bxd1 Rfd8 20. b3 Nd3 21. Rf1 Nd7
22. Nd6 Bd5 23. f4 g5 24. Bh5 gxf4 25. Nxf7 Bc5+ 26. Kh1 fxg3 27. hxg3 Rf8 28.
Nd2 Nf2+ 29. Kh2 Rxf7 30. Bxf7+ Kxf7 31. Rac1 Ke7 32. Nf3 Ng4+ 33. Kh3 Nf2+ 34.
Kh2 Nd3 0-1

[Event "17. European Team Championship 2009"]
[Site "Novi Sad SRB"]
[Date "2009.10.23"]
[Round "2.62"]
[White "Berkes, Ferenc"]
[Black "Pelletier, Yannick"]
[Result "1-0"]
[WhiteElo "2663"]
[BlackElo "2589"]
[PlyCount "59"]
[EventDate "2009.10.22"]
[EventType "team"]
[EventRounds "9"]
[EventCountry "SER"]
[Source "lmi"]
[SourceDate "2009.10.22"]

1. d4 e6 2. c4 Nf6 3. Nc3 Bb4 4. Bg5 c5 5. d5 h6 6. Bh4 Bxc3+ 7. bxc3 d6 8. e3
Qe7 9. Nf3 Nbd7 10. Nd2 e5 11. Qc2 g5 12. Bg3 Nf8 13. Bd3 Rg8 14. O-O h5 15. f4
h4 16. fxe5 hxg3 17. exf6 gxh2+ 18. Kh1 Qc7 19. Rab1 Bg4 20. Bf5 Bxf5 21. Qxf5
b6 22. Ne4 g4 23. Ng5 Qd7 24. Ne6 Ng6 25. Qxg4 Rh8 26. Rf3 fxe6 27. f7+ Kf8 28.
Qxg6 exd5 29. Rbf1 Qe7 30. Rg3 1-0

[Event "17. European Team Championship 2009"]
[Site "Novi Sad SRB"]
[Date "2009.10.23"]
[Round "2.63"]
[White "Jenni, Florian"]
[Black "Gyimesi, Zoltan"]
[Result "1/2-1/2"]
[WhiteElo "2500"]
[BlackElo "2594"]
[PlyCount "79"]
[EventDate "2009.10.22"]
[EventType "team"]
[EventRounds "9"]
[EventCountry "SER"]
[Source "lmi"]
[SourceDate "2009.10.22"]

1. e4 e5 2. Nf3 Nc6 3. Bb5 Nf6 4. d3 Bc5 5. Bxc6 dxc6 6. Be3 Bd6 7. Nbd2 Ng4 8.
Bg5 f6 9. Bh4 Qe7 10. Qe2 Nh6 11. Bg3 Bg4 12. h3 Bh5 13. Bh2 O-O-O 14. Nc4 Nf7
15. g4 Bg6 16. O-O-O Bc5 17. Nh4 Nd6 18. Nxd6+ cxd6 19. f4 exf4 20. Bxf4 d5 21.
Nxg6 hxg6 22. d4 Bb6 23. e5 Rde8 24. Qd3 Bxd4 25. Qxd4 fxe5 26. Bxe5 Qxe5 27.
Qxa7 Rhf8 28. Qa8+ Kc7 29. Qa5+ Kb8 30. Qd2 g5 31. Rde1 Qf4 32. Rxe8+ Rxe8 33.
Qxf4+ gxf4 34. h4 f3 35. h5 Re4 36. Rf1 Rxg4 37. Rxf3 Rg5 38. Rh3 Rg2 39. h6
gxh6 40. Rxh6 1/2-1/2

[Event "17. European Team Championship 2009"]
[Site "Novi Sad SRB"]
[Date "2009.10.23"]
[Round "2.64"]
[White "Ruck, Robert"]
[Black "Ekstroem, Roland"]
[Result "1/2-1/2"]
[WhiteElo "2548"]
[BlackElo "2488"]
[PlyCount "83"]
[EventDate "2009.10.22"]
[EventType "team"]
[EventRounds "9"]
[EventCountry "SER"]
[Source "lmi"]
[SourceDate "2009.10.22"]

1. Nf3 Nf6 2. c4 g6 3. d4 Bg7 4. g3 O-O 5. Bg2 c6 6. Nc3 d5 7. Qb3 dxc4 8. Qxc4
Bf5 9. O-O Nbd7 10. Re1 Ne4 11. e3 Rc8 12. Qe2 Nxc3 13. bxc3 Be4 14. Bh3 c5 15.
Nd2 Bc6 16. Nb3 e6 17. Ba3 b6 18. Rac1 Qg5 19. dxc5 Nxc5 20. Nxc5 bxc5 21. Bg2
Bxg2 22. Kxg2 Qd5+ 23. e4 Qe5 24. Rc2 Rfd8 25. c4 Qd4 26. e5 Qd7 27. Bc1 Qa4
28. f4 Rd7 29. Rd1 Rcd8 30. Rxd7 Rxd7 31. Be3 Bf8 32. Rb2 Be7 33. Kf2 Kg7 34.
Rb3 Qc6 35. Qf3 Qa6 36. Qe2 h5 37. h3 Qc6 38. Qf3 Qa6 39. Qe2 Qc6 40. Qf3 Qa6
41. Qe2 Qc6 42. Qf3 1/2-1/2

[Event "17. European Team Championship 2009"]
[Site "Novi Sad SRB"]
[Date "2009.10.23"]
[Round "2.81"]
[White "Ivanisevic, Ivan"]
[Black "Papaioannou, Ioannis"]
[Result "1/2-1/2"]
[WhiteElo "2614"]
[BlackElo "2628"]
[PlyCount "47"]
[EventDate "2009.10.22"]
[EventType "team"]
[EventRounds "9"]
[EventCountry "SER"]
[Source "lmi"]
[SourceDate "2009.10.22"]

1. d4 Nf6 2. c4 e6 3. Nc3 Bb4 4. Qc2 O-O 5. e4 d6 6. a3 Bxc3+ 7. bxc3 e5 8. Bd3
c5 9. d5 Nbd7 10. Ne2 Nh5 11. h4 Re8 12. f3 Nf8 13. a4 Ng6 14. Kf2 Ngf4 15. g4
Nxe2 16. Bxe2 Nf4 17. Bxf4 exf4 18. Qd2 Qf6 19. g5 Qe5 20. Bd3 Bd7 21. a5 Rad8
22. Rab1 Bc8 23. Rbg1 f6 24. Bc2 1/2-1/2

[Event "17. European Team Championship 2009"]
[Site "Novi Sad SRB"]
[Date "2009.10.23"]
[Round "2.82"]
[White "Banikas, Hristos"]
[Black "Solak, Dragan"]
[Result "1/2-1/2"]
[WhiteElo "2599"]
[BlackElo "2583"]
[PlyCount "31"]
[EventDate "2009.10.22"]
[EventType "team"]
[EventRounds "9"]
[EventCountry "SER"]
[Source "lmi"]
[SourceDate "2009.10.22"]

1. d4 d5 2. c4 c6 3. Nf3 Nf6 4. e3 Bf5 5. Nc3 e6 6. Nh4 Bg6 7. Be2 Nbd7 8. O-O
Bd6 9. g3 Qe7 10. Qb3 Rb8 11. Rd1 a6 12. Bd2 b5 13. cxd5 cxd5 14. a4 b4 15. Na2
a5 16. Nc1 1/2-1/2

[Event "17. European Team Championship 2009"]
[Site "Novi Sad SRB"]
[Date "2009.10.23"]
[Round "2.83"]
[White "Markus, Robert"]
[Black "Mastrovasilis, Dimitrios"]
[Result "1-0"]
[WhiteElo "2608"]
[BlackElo "2569"]
[PlyCount "59"]
[EventDate "2009.10.22"]
[EventType "team"]
[EventRounds "9"]
[EventCountry "SER"]
[Source "lmi"]
[SourceDate "2009.10.22"]

1. d4 d5 2. c4 c6 3. Nf3 Nf6 4. e3 Bg4 5. Qb3 Qb6 6. Nc3 Bxf3 7. gxf3 e6 8. Bd2
Nbd7 9. Qc2 Be7 10. f4 dxc4 11. Bxc4 O-O 12. O-O-O c5 13. d5 exd5 14. Nxd5 Nxd5
15. Bxd5 Nf6 16. Bf3 c4 17. Bc3 Qa6 18. Kb1 Rad8 19. e4 b5 20. e5 Nd7 21. f5 b4
22. f6 Bc5 23. e6 bxc3 24. fxg7 Rfe8 25. exf7+ Kxf7 26. Bh5+ Kg8 27. Bxe8 Rxe8
28. Rxd7 Rb8 29. Qxc3 Qg6+ 30. Ka1 1-0

[Event "17. European Team Championship 2009"]
[Site "Novi Sad SRB"]
[Date "2009.10.23"]
[Round "2.84"]
[White "Mastrovasilis, Athanasios"]
[Black "Vuckovic, Bojan"]
[Result "0-1"]
[WhiteElo "2519"]
[BlackElo "2600"]
[PlyCount "146"]
[EventDate "2009.10.22"]
[EventType "team"]
[EventRounds "9"]
[EventCountry "SER"]
[Source "lmi"]
[SourceDate "2009.10.22"]

1. d4 Nf6 2. c4 c5 3. d5 b5 4. Nd2 bxc4 5. e4 Bb7 6. Bxc4 g6 7. Ne2 Bg7 8. Nc3
O-O 9. O-O d6 10. Be2 Nbd7 11. a4 Rb8 12. a5 Bc8 13. Ra4 Ne8 14. Nc4 Ba6 15.
Qc2 Nc7 16. Bd2 e6 17. b3 exd5 18. exd5 Re8 19. Bf3 Nb5 20. Nxb5 Bxb5 21. Nxd6
Bxa4 22. bxa4 Rf8 23. Nc4 Qf6 24. h3 Rfc8 25. Bg4 Rd8 26. Qc1 Qd4 27. Rd1 Ne5
28. Nxe5 Bxe5 29. Bg5 Qb4 30. Bxd8 Rxd8 31. Qg5 Qb8 32. Be2 Bd4 33. Bb5 Qd6 34.
Re1 Bf6 35. Qd2 Kg7 36. a6 Bd4 37. Bc6 Rb8 38. Bb7 Rd8 39. Re4 Qb6 40. g3 Rd6
41. Kg2 Rf6 42. Rf4 Qd6 43. Rxf6 Qxf6 44. d6 Qxd6 45. Qe2 h5 46. h4 Qd7 47. Be4
Qxa4 48. Bd5 Qd7 49. Qf3 Bf6 50. Bc4 Bd4 51. Qb7 Qf5 52. Qf3 Qxf3+ 53. Kxf3 f6
54. Kg2 g5 55. f4 gxf4 56. gxf4 f5 57. Be2 Kg6 58. Bb5 Bc3 59. Be8+ Kh6 60. Bd7
Be1 61. Kh3 c4 62. Bxf5 c3 63. Bd3 Kg7 64. Be4 Kf6 65. Bc2 Ke6 66. Be4 Kd6 67.
Bc2 Bf2 68. Bb1 Kc5 69. Bc2 Kb4 70. f5 Bd4 71. Kg3 Ka3 72. Kf4 Kb2 73. Bd3 Bf6
0-1

[Event "17. European Team Championship 2009"]
[Site "Novi Sad SRB"]
[Date "2009.10.23"]
[Round "2.92"]
[White "Stojanovic, Dalibor"]
[Black "Fridman, Daniel"]
[Result "1/2-1/2"]
[WhiteElo "2469"]
[BlackElo "2661"]
[PlyCount "51"]
[EventDate "2009.10.22"]
[EventType "team"]
[EventRounds "9"]
[EventCountry "SER"]
[Source "lmi"]
[SourceDate "2009.10.22"]

1. e4 c6 2. d4 d5 3. Nc3 dxe4 4. Nxe4 Bf5 5. Ng3 Bg6 6. Nh3 e6 7. Nf4 Qc7 8. h4
Bd6 9. Nxg6 hxg6 10. Ne4 Nf6 11. Qf3 Nbd7 12. c3 e5 13. dxe5 Nxe5 14. Nxf6+ Kf8
15. Nd7+ Qxd7 16. Qh3 Qf5 17. Qxf5 gxf5 18. Be2 Bc5 19. g3 Ng4 20. O-O Re8 21.
Bd3 g6 22. Bf4 Kg7 23. b4 Bb6 24. a4 a6 25. Rad1 Re7 26. c4 1/2-1/2